Kultúrne pamiatky a cestovný ruch

Guardado en:
Detalles Bibliográficos
Autor principal: Pachingerová, Mária
Formato: Capítulo de libro
Lenguaje:eslovaco
Etiquetas: Agregar Etiqueta
Sin Etiquetas, Sea el primero en etiquetar este registro!

MARC

LEADER 00000naa$a2200000$$$4500
001 0064315
005 20240502071743.7
041 0 |a slo 
044 |a SK 
245 1 0 |a Kultúrne pamiatky a cestovný ruch  |c Mária Pachingerová 
100 1 |a Pachingerová, Mária